000 00282nam a2200109Ia 4500
001 1275898
005 20260417160437.0
008 260417s9999 xx 000 0 und d
020 _a9786050676297
245 0 _aKocaman Kalpli Huysuz Graou
_cIngrid Chabbert
260 _bKetebe Çocuk
999 _c1275898
_d1275898